Characteristics and limitations of transistors
Uloženo v:
| Hlavní autor: | |
|---|---|
| Další autoři: | , , |
| Médium: | Kniha |
| Jazyk: | English |
| Vydáno: |
New York, New York : Willey,
1966.
|
| Edice: | Semiconductor Electronics Education Committee books ; v. 4
|
| Témata: | |
| Tagy: |
Přidat tag
Žádné tagy, Buďte první, kdo vytvoří štítek k tomuto záznamu!
|
MARC
| LEADER | 00000nam a2200000Ia 4500 | ||
|---|---|---|---|
| 003 | 000573 | ||
| 005 | 20221231144010.0 | ||
| 008 | 140114s9999 nyua 000 ||eng d | ||
| 040 | |c cru CEDI | ||
| 082 | |a 621.381.51 T514ch | ||
| 100 | |a Thornton, Richard D. |9 18362 | ||
| 245 | |a Characteristics and limitations of transistors | ||
| 260 | |a New York, New York : Willey, |c 1966. | ||
| 300 | |a xii, 180 páginas : ilustraciones ; 22 cm | ||
| 440 | |a Semiconductor Electronics Education Committee books ; v. 4 |9 19165 | ||
| 650 | |x TRANSISTORES |9 19166 | ||
| 700 | |9 18376 |a DeWitt, David | ||
| 700 | |9 19037 |a Gray, Paul E. | ||
| 700 | |9 18364 |a Chenette, E.R. | ||
| 942 | |2 ddc |c BK | ||
| 999 | |c 15415 |d 15415 | ||
